| 000 | 00942nam a2200265 i 4500 | ||
|---|---|---|---|
| 001 | bg | ||
| 100 | 1 | _aKłos, Sławomir. | |
| 245 | 1 | 0 |
_aScenariusze rozwoju przedsiębiorstw MSP w oparciu o technologię informatyczną / _cSławomir Kłos, Justyna Patalas, Waldemar Woźniak. |
| 260 |
_aZielona Góra : _bOficyna Wydawnicza Uniwersytetu Zielonogórskiego, _c2008. |
||
| 300 |
_a146 s. : _bil. ; _c24 cm. |
||
| 504 | _aBibliogr. s. 144-146. | ||
| 650 | 9 |
_aPrzedsiębiorstwa małe i średnie _xorganizacja |
|
| 650 | 9 | _aSystemy informatyczne zarządzania | |
| 651 | 9 |
_aLubuskie, województwo _xgospodarka _yod 2001 r. |
|
| 700 | 1 | _aPatalas, Justyna. | |
| 700 | 1 | _aWoźniak, Waldemar. | |
| 020 | _a9788374811934 | ||
| 040 | _cBPK | ||
| 041 | _apol | ||
| 044 | _aPOL | ||
| 080 | _a005.2:658.114-022.51:658.114-022.55:004](438)"2001/..." | ||
| 920 | _a978-83-7481-193-4 | ||
| 942 | _cKS | ||
| 008 | 090819s2008 pl a f |000 0 pol | ||
| 999 |
_c56667 _d56667 |
||
| 856 |
_uhttp://koha.tu.koszalin.pl/cgi-bin/koha/opac-detail.pl?biblionumber=56667 _yKatalog online BPK |
||